00484 2200181 4500001002100000005001500021008004100036020001800077035001900095041000700114082001100121090001700132100001900149245004200168260003500210300003500245650002200280INLIS00000000001989020241224115803241224||||||||| | ||| |||| || |  a979-002-390-1 0010-1224019890 aid0 a639.31 a639.31 ARW a0 aTim Penulis PS00aArwana: Panduan untuk Hobi dan Bisnis aJakartabPenebar Swadayac2009 a21x18 cm, iv, 212 hlm.; ilus.: 0aIlmu-ilmu terapan